000
00334nam a22001577a 4500
003
SGT
020
_a
9789332585751
082
_a
612.8,CAR
100
_a
CARLSON,NEIL .R
245
_a
PHYSIOLOGY OF BEHAVIOR
250
_a
12TH
260
_a
INDIA
_b
PEARSON
_c
2021
300
_a
736
650
_a
PHYSIOLOGY
942
_2
ddc
_c
BK
_0
8
999
_c
20804
_d
20804